What is this feeling?-Wicked (all lyrics) - Statistics

General Stats
  • This quiz has been taken 274 times
  • The average score is 263 of 321
Answer Stats
Hint Answer % Correct
i
97%
Both | Galinda what
95%
a
94%
is
94%
feeling
93%
feeling?
93%
this
93%
you
93%
you?
93%
it
92%
it?
92%
the
92%
my
91%
so
91%
to
91%
and
90%
be
90%
Ensemble dear
90%
for
90%
loath
90%
your
90%
face
89%
loathing
89%
loathing!
89%
new?
89%
on
89%
clothing
88%
eyes
88%
how
88%
all
87%
do
87%
just
87%
sudden
87%
does
86%
galinda
86%
me
86%
moment
86%
we
86%
are
84%
felt
84%
good!
84%
have
84%
laid
84%
name?
84%
Both there's
84%
voice
84%
been
83%
some
83%
too
83%
well
83%
Elphaba blonde
82%
Elphaba | Galinda but
82%
could!
82%
don't
82%
in
82%
that
82%
think
82%
want
82%
confusion
80%
head
80%
here
80%
yes
80%
yes!
80%
at
79%
know
79%
of
79%
she's
79%
describe
78%
flushing
78%
life
78%
shiz
78%
that's
78%
things
78%
unadulterated
78%
whole
78%
you're
78%
above
77%
i'll
77%
rushing
77%
see
77%
these
77%
try
77%
as
76%
care
76%
course
76%
rise
76%
begin
75%
crawl
75%
every
75%
flame?
75%
pulse
75%
rooming
75%
side!
75%
stand
75%
us!
75%
with
75%
you'd
75%
can
74%
impossible
74%
makes
74%
nessa
74%
peculiar
74%
reeling
74%
roomate
74%
say
74%
small
74%
terror!
74%
very
74%
we're
74%
will
74%
Both lets
73%
little
73%
Galinda unusually
73%
last
72%
long!
72%
over
72%
respond
72%
sent
72%
came
71%
however
71%
it's
71%
mean
71%
strange
71%
fast
70%
oh
70%
strong!
70%
total
70%
believe
69%
share
69%
such
69%
tell
69%
detestation
68%
forced
68%
pure!
68%
quite
68%
flesh
67%
martyr!
67%
Ensemble poor
67%
though
67%
someone
66%
admit
64%
still
64%
reside
63%
bias
60%
forever
60%
show
60%
simple
59%
Galinda yeah
59%
altogether
56%
exceedingly
55%
exhilaration
55%
utter
55%
fervid
52%
deeply
51%
trait
49%
truly
48%
tartar
41%
disgustickified
23%
No matching quizzes found
Score Distribution
Percent of People with Each Score
Percentile by Number Answered
Your Score History
You have not taken this quiz